LEADER 01166nam a2200241 i 4500 001 000000004075 003 CaOOAMICUS 005 20250729141137.0 008 180830s1970 it u000 u ita u 040 $aSeMil$bita 100 1 $aBacchelli, Riccardo,$d<1891-1985>.$0(OLS)http://semarc/name/1548 245 13$aIl mulino del Po /$cRiccardo Bacchelli ; introduzione di Indro Montanelli. 260 $aMilano :$bOscar Mondadori,$c1970. 300 $a3 v. ;$c19 cm. 500 $aIn custodia. 700 1 $aMontanelli, Indro <1909-2001>.$0(OLS)http://semarc/name/6356 774 0 $aBacchelli, Riccardo <1891-1985>$t[1]: Dio ti salvi.$kOscar Narratori del Novecento$g1$w()257210 774 0 $aBacchelli, Riccardo <1891-1985>$t[2]: La miseria viene in barca.$kOscar Narratori del Novecento$g2$w()257211 774 0 $aBacchelli, Riccardo <1891-1985>$t[3]: Mondo vecchio sempre nuovo.$kOscar Narratori del Novecento$g3$w()257212 830 0$aOscar Narratori del Novecento.$0(OLS)http://semarc/title/8468 996 $6245$aIl mulino del Po$9(OLS)http://semarc/title/400325 996 $6260$aMilano :$bOscar Mondadori$9(OLS)http://semarc/publisher/30178 LEADER 01100nam a2200289 i 4500 001 000000045717 003 CaOOAMICUS 005 20090814000000.0 008 090814s1979 it u000 u ita u 013 $a16887 040 $aSeMil$bita 100 0 $aPaulus VI,$c.$0(OLS)http://semarc/name/803 245 10$aScritti giovanili /$cG. Battista Montini ; a cura di Cesare Trebeschi. 260 $aBrescia :$bQueriniana,$c1979. 300 $a235 p. ;$c21 cm. 500 $aFondo Conti. 600 04$aPaolo VI .$0(OLS)http://semarc/subject/713 700 1 $aTrebeschi, Cesare,$d<1925-2020>.$0(OLS)http://semarc/name/22729 850 $aSeMil 852 $aSeMil$W1$xVenegono$y1$m2A IV 193$j11872$B11872$CSeMilBibl$Z2$F11872 $81 900 1 $aMontini, Giovanni Battista,$d<1897-1978>. 900 0 $aPaolo VI$c. 961 $aOmaggio: Conti Franco 996 $6245$aScritti giovanili$9(OLS)http://semarc/title/68075 996 $6260$aBrescia :$bQueriniana$9(OLS)http://semarc/publisher/29615